书目信息 |
| 题名: |
论艺术中的新构成
|
|
| 作者: | Edmonds 著 ;纪毅 译 | |
| 分册: | ||
| 出版信息: | 北京 电子工业出版社 2025.03 |
|
| 页数: | 131页 | |
| 开本: | 21×21cm | |
| 丛书名: | ||
| 单 册: | ||
| 中图分类: | J06 | |
| 科图分类: | ||
| 主题词: | 艺术--计算机辅助设计 | |
| 电子资源: | ||
| ISBN: | 978-7-121-49969-2 | |
| 000 | 00889nam0 2200253 450 | |
| 001 | 013632415 | |
| 005 | 20251022193215.78 | |
| 010 | @a978-7-121-49969-2@b精装@dCNY108.00 | |
| 100 | @a20250529d2025 em y0chiy0120 ea | |
| 101 | 2 | @achi@aeng@ceng |
| 102 | @aCN@b110000 | |
| 105 | @aa z 000yy | |
| 106 | @ar | |
| 200 | 1 | @a论艺术中的新构成@9lun yi shu zhong de xin gou cheng@dOn new constructs in art@f(英)Ernest Edmonds著@g(澳)纪毅译@zeng |
| 210 | @a北京@c电子工业出版社@d2025.03 | |
| 215 | @a131页@c彩图@d21×21cm | |
| 330 | @a本书探讨了计算机艺术的理论与实践,并通过案例和图示,展示了欧内斯特教授长达50年的艺术创作实践。 | |
| 510 | 1 | @aOn new constructs in art@zeng |
| 606 | 0 | @a艺术@x计算机辅助设计 |
| 690 | @aJ06@v5 | |
| 701 | 1 | @c(英)@aEdmonds@bErnest@4著 |
| 702 | 0 | @c(澳)@a纪毅@9ji yi@4译 |
| 801 | 0 | @aCN@c20250909 |
| 905 | @a河南城建学院图书馆@dJ06@eJ138-2@ZJ138-2@f1 | |
| 论艺术中的新构成=On new constructs in art/(英)Ernest Edmonds著/(澳)纪毅译.-北京:电子工业出版社,2025.03 |
| 131页:彩图;21×21cm |
| ISBN 978-7-121-49969-2(精装):CNY108.00 |
| 本书探讨了计算机艺术的理论与实践,并通过案例和图示,展示了欧内斯特教授长达50年的艺术创作实践。 |
| ● |
| 相关链接 |
|
|
|
正题名:论艺术中的新构成
索取号:J06/J138-2
 
预约/预借
| 序号 | 登录号 | 条形码 | 馆藏地/架位号 | 状态 | 备注 |
| 1 | 1632975 | 216329756 | 社科库309/309社科库 62排3列2层/ [索取号:J06/J138-2] | 在馆 |